000 00771nam a2200229 i 4500
001 149742
003 ES-MaACL
005 20230906203234.0
007 t|
008 071024s1968 sp ||||1| spa d
100 1 _aValsecchi, Ambrosio.
_9112986
245 1 0 _aRegulación de los nacimientos
_b: diez años de reflexión teológica /
_cAmbrogio Valsecchi ; [tradujeron A. Ortiz y A. Ramos].
260 _aSalamanca :
_bSígueme,
_c1968.
300 _a329 p. ;
_c19 cm.
490 1 _aVerdad e imagen ;
_v3
650 1 4 _aControl de natalidad-
_xAspectos religiosos.
_911339
700 1 _aOrtiz, Alfonso.
_987547
700 1 _aRamos, Alfonso.
_995239
830 0 _aVerdad e imagen ;
_v3
_9182105
852 _aES-MaACL
_jC-35488
_bR.68421
999 _c149742
_d149742